Saraiki adab : Reet ty Riwayat / (Record no. 526755)
[ view plain ]
| 000 -LEADER | |
|---|---|
| fixed length control field | 00562nam a22001817a 4500 |
| 003 - CONTROL NUMBER IDENTIFIER | |
| control field | NUST |
| 020 ## - INTERNATIONAL STANDARD BOOK NUMBER | |
| Qualifying information | HBK |
| 038 ## - RECORD CONTENT LICENSOR | |
| Staff Name | Faiza |
| 082 ## - DEWEY DECIMAL CLASSIFICATION NUMBER | |
| Classification number | 891.423 |
| Author Mark | TUN |
| 100 ## - MAIN ENTRY--PERSONAL NAME | |
| Personal name | Tunisavi, Tahir |
| 9 (RLIN) | 17752 |
| 245 ## - TITLE STATEMENT | |
| Title | Saraiki adab : Reet ty Riwayat / |
| Statement of responsibility, etc. | Tahir Tunisavi |
| 260 ## - PUBLICATION, DISTRIBUTION, ETC. | |
| Place of publication, distribution, etc. | Multan : |
| Name of publisher, distributor, etc. | Saraiki adabi board, |
| Date of publication, distribution, etc. | 2010. |
| 300 ## - PHYSICAL DESCRIPTION | |
| Extent | 304 p. ; |
| 880 ## - ALTERNATE GRAPHIC REPRESENTATION | |
| Linkage | 100-01\r |
| Title | طاہر تونسوی |
| 880 ## - ALTERNATE GRAPHIC REPRESENTATION | |
| Linkage | 245-02\r |
| Title | سرائیکی ادب : رِیت تے روایت / |
| 880 ## - ALTERNATE GRAPHIC REPRESENTATION | |
| Linkage | 260-03\r |
| Title | ملتان : |
| b | سرائیکی ادبی بورڈ, |
| c | ۲۰۱۰. |
| 942 ## - ADDED ENTRY ELEMENTS (KOHA) | |
| Source of classification or shelving scheme | |
| Koha item type | Book |
| Withdrawn status | Lost status | Source of classification or shelving scheme | Damaged status | Not for loan | Permanent Location | Current Location | Date acquired | Total Checkouts | Full call number | Barcode | Date last seen | Price effective from | Koha item type |
|---|---|---|---|---|---|---|---|---|---|---|---|---|---|
| Central Library (CL) | Central Library (CL) | 07/16/2019 | 891.423 TUN | CL-E-995 | 07/16/2019 | 07/16/2019 | Book |
